000
00235nam a2200097Ia 4500
001
1011199
005
20250826230735.0
008
250824s9999 xx 000 0 und d
245
0
_a
ARAZ
_c
KAHRAMAN TAZEOĞLU
260
_b
DESTEK YAYINLARI
999
_c
1011199
_d
1011199